000 00624nam a2200193Ii 4500
003 JO-AjNU
008 230605s9999||||xx |||||||||||||| ||und||
040 _aJO-AjNU
_bara
_erda
_cJO-AjNU
041 _aara
050 1 4 _aHF 5657.4.H8722 2008
100 3 _aحسين، احمد حسين علي,
_eauthor
_932552
245 0 0 _aالمحاسبة الادارية
264 3 1 _aالاسكندرية: الدار الجامعية،2008
300 _a400ص
336 _atext
_btxt
_2rdacontent
337 _aunmediated
_bn
_2rdamedia
338 _avolume
_bnc
_2rdacarrier
650 4 _aالمحاسبة الادارية
_932553
999 _aA13156
_c16724
_d16724